<?xml version="1.0" encoding="UTF-8"?><?xml-stylesheet type="text/xsl" href="static/style.xsl"?><OAI-PMH xmlns="http://www.openarchives.org/OAI/2.0/" xmlns:xsi="http://www.w3.org/2001/XMLSchema-instance" xsi:schemaLocation="http://www.openarchives.org/OAI/2.0/ http://www.openarchives.org/OAI/2.0/OAI-PMH.xsd"><responseDate>2026-04-17T14:14:19Z</responseDate><request verb="GetRecord" identifier="oai:www.recercat.cat:10256/22244" metadataPrefix="marc">https://recercat.cat/oai/request</request><GetRecord><record><header><identifier>oai:recercat.cat:10256/22244</identifier><datestamp>2024-05-22T11:33:46Z</datestamp><setSpec>com_2072_452966</setSpec><setSpec>com_2072_2054</setSpec><setSpec>col_2072_452968</setSpec></header><metadata><record xmlns="http://www.loc.gov/MARC21/slim" xmlns:dcterms="http://purl.org/dc/terms/" xmlns:xsi="http://www.w3.org/2001/XMLSchema-instance" xmlns:doc="http://www.lyncode.com/xoai" xsi:schemaLocation="http://www.loc.gov/MARC21/slim http://www.loc.gov/standards/marcxml/schema/MARC21slim.xsd">
   <leader>00925njm 22002777a 4500</leader>
   <datafield ind2=" " ind1=" " tag="042">
      <subfield code="a">dc</subfield>
   </datafield>
   <datafield ind2=" " ind1=" " tag="720">
      <subfield code="a">Arbós Camps, Eudald</subfield>
      <subfield code="e">author</subfield>
   </datafield>
   <datafield ind2=" " ind1=" " tag="260">
      <subfield code="c">2019-09-01</subfield>
   </datafield>
   <datafield ind2=" " ind1=" " tag="520">
      <subfield code="a">Aquest projecte conté els dissenys i les especificacions tècniques suficients pel&#xd;
desenvolupament d’una placa universal per controlar un aire condicionat. Aquesta placa ha&#xd;
de permetre controlar la màquina interior i exterior.&#xd;
La placa conté tots els components necessaris per ser compatible amb els diferents tipus&#xd;
d’aire condicionat. En funció de l’equip d’aire condicionat, porta diferents tipologies de motor i&#xd;
ha de ser compatible amb tots ells. De la mateixa manera amb tots els actuadors i sensors&#xd;
que necessita cada una de les màquines.&#xd;
Les unitats interior i exterior comparteixes sensors de temperatura, els tacòmetres per detectar&#xd;
la velocitat de rotació dels ventiladors i les entrades booleanes. La unitat exterior a més a més&#xd;
necessita adquirí la pressió de descàrrega i aspiració del compressor</subfield>
   </datafield>
   <datafield ind2=" " ind1=" " tag="520">
      <subfield code="a">This project contains the designs and technical specifications sufficient for the&#xd;
development of a universal board to control an air conditioner. This plate has&#xd;
to allow control of the internal and external machine.&#xd;
The board contains all the necessary components to be compatible with the different types&#xd;
of air conditioning. Depending on the air conditioning equipment, it has different types of engine and&#xd;
it must be compatible with all of them. Likewise with all actuators and sensors&#xd;
that each of the machines needs.&#xd;
The indoor and outdoor units share temperature sensors, the tachometers to detect&#xd;
the rotation speed of the fans and boolean inputs. The outdoor unit in addition&#xd;
you need to acquire the discharge and suction pressure of the compressor</subfield>
   </datafield>
   <datafield ind1="8" ind2=" " tag="024">
      <subfield code="a">http://hdl.handle.net/10256/22244</subfield>
   </datafield>
   <datafield tag="653" ind2=" " ind1=" ">
      <subfield code="a">Aire condicionat</subfield>
   </datafield>
   <datafield tag="653" ind2=" " ind1=" ">
      <subfield code="a">Air conditioning</subfield>
   </datafield>
   <datafield tag="653" ind2=" " ind1=" ">
      <subfield code="a">Telecontrol</subfield>
   </datafield>
   <datafield tag="653" ind2=" " ind1=" ">
      <subfield code="a">Remote control</subfield>
   </datafield>
   <datafield tag="653" ind2=" " ind1=" ">
      <subfield code="a">Motors (Mecànica)</subfield>
   </datafield>
   <datafield tag="653" ind2=" " ind1=" ">
      <subfield code="a">Engines</subfield>
   </datafield>
   <datafield ind2="0" ind1="0" tag="245">
      <subfield code="a">Control electrònic universal d’un aire condicionat</subfield>
   </datafield>
</record></metadata></record></GetRecord></OAI-PMH>